000 00356nam a2200133Ia 4500
008 240624s9999 xx 000 0 und d
041 _aeng
082 _a658.406 BOS
100 _aBOSSIDY LARRY
245 _aCONFRONTING REALITY DOING WHAT MATTERS T
260 _c2004
_aNew York
_bCrown Business
300 _aviii, : 264 : p. : cm. ; 24
365 _c
_b25
999 _c23177
_d23177